LEADER 01134nam a2200277 i 4500 001 991001337539707536 005 20020507191626.0 008 950606s1982 it ||| | ita 035 $ab10833493-39ule_inst 035 $aLE01310715$9ExL 040 $aDip.to Matematica$beng 082 0 $a515 084 $aAMS 35-06 110 2 $aUniversità degli studi$c :$bFacoltà di ingegneria :$bIstituto di matematica applicata$0536774 245 10$aSeminario di analisi matematica :$bA. A. 1980-81 /$cIstituto di Matematica applicata, Facoltà di Ingegneria, Università di Roma ; [coord. Alberto Tesei 260 $aRoma :$bTip. ESA ed.,$c1982 300 $aii, 190 p. ;$c24 cm. 650 4$aMathematical analysis$xCongresses 650 4$aProceedings of conferences 700 1 $aTesei, Alberto 907 $a.b10833493$b02-04-14$c28-06-02 912 $a991001337539707536 945 $aLE013 35-XX TES11 (1982)$g1$i2013000029771$lle013$o-$pE0.00$q-$rl$s- $t0$u0$v0$w0$x0$y.i10942762$z28-06-02 996 $aSeminario di analisi matematica$9923486 997 $aUNISALENTO 998 $ale013$b01-01-95$cm$da $e-$fita$git $h0$i1